| 000 | 00457nam a2200121Ia 4500 | ||
|---|---|---|---|
| 008 | 160712s9999 xx 000 0 und d | ||
| 100 | _aCampos, Patrick F. | ||
| 245 |
_cPatrick F. Campos _aCorporeal Histories: An Interview with Myra Beltran on Itim Asu: 1719-2011 |
||
| 260 |
_c2012 _bSocial Science Diliman |
||
| 300 | _avol. 8 no. 2 | ||
| 650 | _xSOCIAL SCIENCE | ||
| 856 | _uhttp://journals.upd.edu.ph/index.php/socialsciencediliman/issue/view/377/showToc | ||
| 999 |
_c297491 _d297491 |
||